Cartas de relación

Сохранить в:
Библиографические подробности
Главные авторы: Cortés, Hernán (Автор), Hernández Sánchez-Barba, Mario (Автор)
Формат:
Язык:испанский
Опубликовано: Madrid Historia 16 1988
Редактирование:2a. ed
Серии:Colección Crónicas de América, 10
Предметы:
Метки: Добавить метку
Нет меток, Требуется 1-ая метка записи!

MARC

LEADER 00000nam a2200000 a 4500
001 UCX0786
003 CL-VaPUC
008 900316e19880000SP |||||||||||||||||spa|d
082 0 4 |a 972.02  |b COR  |2 21 
100 0 |a Cortés, Hernán  |e author  |9 258554 
700 |a Hernández Sánchez-Barba, Mario  |e author  |9 561954 
245 1 0 |a Cartas de relación 
250 |a 2a. ed 
300 |a 437 p 
942 |c BK 
945 |d 19900316 00:00:00 
260 |a Madrid  |b Historia 16  |c 1988 
650 7 |a HISTORIA DESCUBRIMIENTO Y CONQUISTA 1517-1521  |2 CL-VaPUC  |9 269450 
651 0 |a México  |9 255269 
583 |a last modification  |c 19900316 00:00:00  |k Rodrigo Vera 
490 0 |a Colección Crónicas de América, 10 
999 |c 222248  |d 222246 
952 |0 0  |1 0  |4 0  |6 972_020000000000000_COR_1988  |7 0  |8 A  |9 216700  |a BIBEDU  |b BIBEDU  |d 2019-11-15  |i 2854511  |l 1  |o 972.02 COR 1988  |p 2854511  |r 2024-08-20  |s 2024-08-16  |w 2019-11-15  |y BK  |k LIT